[Event "Madrid Codes Memorial 7th"]
[Site "Madrid"]
[Date "2013.04.14"]
[Round "2"]
[White "Crespo Villalba, Israel"]
[Black "Rmoas Antonia, Enrique"]
[Result "1-0"]
[WhiteElo "1921"]
[BlackElo "1752"]
[PlyCount "125"]
[EventDate "2013.04.07"]
[EventType "swiss"]
[EventRounds "9"]
[EventCountry "ESP"]
[SourceTitle "EXT 2014"]
[Source "ChessBase"]
[SourceDate "2013.11.20"]
[SourceVersion "1"]
[SourceVersionDate "2013.11.20"]
[SourceQuality "1"]

1. d4 d5 2. Nf3 Nf6 3. c4 e6 4. Nc3 c6 5. Bg5 Be7 6. e3 h6 7. Bh4 Ne4 8. Bxe7 Qxe7 9. Bd3 Nxc3 10. bxc3 dxc4 11. Bxc4 b5 12. Bd3 0-0 13. 0-0 Nd7 14. Be4 Qd6 15. Nd2 Nb6 16. Bf3 Bd7 17. Ne4 Qe7 18. Nc5 Rac8 19. Qd3 e5 20. Rfd1 Be6 21. Nxe6 Qxe6 22. e4 a6 23. Qe2 Rc7 24. d5 cxd5 25. exd5 Qd6 26. Rac1 Rc5 27. h3 f5 28. Qc2 e4 29. Be2 Kh8 30. Qb3 Rxd5 31. c4 Nxc4 32. Rxd5 Qxd5 33. Bxc4 bxc4 34. Qxc4 Rd8 35. Qxa6 Ra8 36. Rc8+ Rxc8 37. Qxc8+ Kh7 38. Qc2 Qd3 39. Qxd3 exd3 40. Kf1 Kg8 41. Ke1 Kf7 42. Kd2 Ke7 43. Kxd3 h5 44. Kd4 Kd6 45. f4 h4 46. a4 g6 47. a5 Kc6 48. a6 Kb6 49. Ke5 Kxa6 50. Kf6 Kb7 51. Kxg6 Kc7 52. Kxf5 Kd6 53. Kg4 Ke6 54. Kxh4 Kf5 55. g4+ Kxf4 56. Kh5 Ke5 57. Kg5 Ke6 58. Kg6 Ke7 59. Kg7 Ke6 60. h4 Ke5 61. g5 Kf5 62. Kh6 Ke6 63. g6 1-0